000 00754nam a2200229Ia 4500
001 8393
003 GE_BSU
008 181216s||||||||xx |||||||||||||| ||und||
020 _a9789941015137
040 _cGE_BSU
080 _a336.763
100 _aქოქიაური,ლამარა, შონია,ნანა
245 _aფასიანი ქაღალდების ბაზარი
245 _cმეცნ.რედ.ნიკო ჩიხლაძე
260 _aთბილისი
260 _bთსუ
260 _c2008
300 _a438გვ.ნახ.სურ. ცხრ.29სმ.
541 _h8ლ.
653 _aფასიანი ქაღალდების ბაზარი
942 _cBK
999 _c41713
_d41713